| 000 | 00683nam a2200205 i 4500 | ||
|---|---|---|---|
| 001 | 35150 | ||
| 003 | ES-MaACL | ||
| 005 | 20250930063042.0 | ||
| 007 | t| | ||
| 008 | 030212s1950 cu ||||1| spa d | ||
| 100 | 1 |
_aBolívar, Simón, _d1783-1830 _929964 |
|
| 245 | 1 | 0 |
_aObras completas / _cSimón Bolívar ; compilación y notas de Vicente Lecuna ; con la colaboración de... Esther Barret de Nagarie. |
| 250 | _a2ª ed. | ||
| 260 |
_aLa Habana : _bLex, _c1950. |
||
| 300 |
_a3 v. : _b1 retr. aut. ; _c21 cm. |
||
| 700 | 1 |
_aLecuna, Vicente. _971122 |
|
| 700 | 1 |
_aBarret de Nagarie, Esther. _925950 |
|
| 852 |
_aES-MaACL _jD-6948-50 _bR.31305 |
||
| 999 |
_c35150 _d35150 |
||